MARC

LEADER 00000nam0a2200000 4500
001 282542
005 20231101235516.0
035 |a (RuTPU)RU\TPU\book\306465 
090 |a 282542 
100 |a 20150131d1984 k y0rusy5003 ca 
101 0 |a rus 
102 |a RU 
105 |a ac z 001zy 
200 1 |a Проблемы физической географии  |e избранные труды  |f С. В. Калесник  |g Ленинградский государственный университет (ЛГУ) 
210 |a Ленинград  |c Наука  |d 1984 
215 |a 288 с.  |c ил., 2 л. ил., карт. 
320 |a Библиогр. в конце ст. 
606 1 |a География физическая  |2 stltpush  |3 (RuTPU)RU\TPU\subj\5940  |9 33922 
610 1 |a гляциология 
610 1 |a землеведение 
610 1 |a ландшафтоведение 
610 1 |a источники 
610 1 |a лимнология 
675 |a 911.2  |z rus  |v 4 
700 1 |a Калесник  |b С. В.  |g Станислав Викентьевич  |4 070 
712 0 2 |a Ленинградский государственный университет (ЛГУ)  |c (1924-1991)  |2 stltpush  |3 (RuTPU)RU\TPU\col\77 
801 0 |a RU  |b RuMRKP  |c 19950704  |g psbo 
801 1 |a RU  |b 63413507  |c 20150131 
801 2 |a RU  |b 63413507  |c 20170503  |g RCR 
942 |c BK